Máy hai thì /

Spremljeno u:
Bibliografski detalji
Glavni autor: Lưu Luân Trọng
Format: Knjiga
Jezik:Vietnamese
Izdano: TPHCM : Trường trung học cao thắng , 1969
Izdanje:In lần thứ 1
Teme:
Oznake: Dodaj oznaku
Bez oznaka, Budi prvi tko označuje ovaj zapis!
Thư viện lưu trữ: Thư viện Trường CĐ Kỹ Thuật Cao Thắng
LEADER 00608nam a2200193 a 4500
001 TVCDKTCT89
003 Thư viện trường Cao đẳng Kỹ thuật Cao Thắng
005 20050729000000
008 050729
980 \ \ |a Thư viện Trường CĐ Kỹ Thuật Cao Thắng 
024 |a RG_1 #1 eb0 i1 
041 0 # |a vie 
082 # # |a 629.202 /   |b L566TR-m 
100 1 # |a Lưu Luân Trọng 
245 0 0 |a Máy hai thì /  |c Lưu Luân Trọng 
250 # # |a In lần thứ 1 
260 # # |a TPHCM :  |b Trường trung học cao thắng ,  |c 1969 
300 # # |a 49tr. ;  |c 21cm 
650 # 4 |a Máy hai thì